[Event "SG Niederkassel 1 - Düsseldorfer SK 2"]
[Site "NRW-Klasse. Gruppe 1 2017/201"]
[Date "2017.12.17"]
[Round "4.6"]
[White "Guelsen, Taylan"]
[Black "Berndt, Axel"]
[Result "0-1"]
[WhiteElo "2196"]
[BlackElo "2151"]
[Annotator "Daniel"]
[PlyCount "172"]
[EventDate "2017.??.??"]
[WhiteTeam "SG Niederkassel 1"]
[BlackTeam "Düsseldorfer SK 2"]

1. d4 Nf6 2. Bf4 e6 3. e3 b6 4. Nd2 Bb7 5. Ngf3 c5 6. Nc4 d5 7. Nce5 Nfd7 8.
Nxf7 Kxf7 9. Ng5+ Kg8 10. Nxe6 Qf6 11. Nc7 cxd4 12. Qxd4 Qxd4 13. exd4 Nc6 14.
Nxa8 Bxa8 15. c3 Kf7 16. Bd3 Nf6 17. O-O Nh5 18. Bd2 Bd6 19. g3 Bb7 20. Rfe1
Nf6 21. f3 Rd8 22. b4 a5 23. a3 Ra8 24. b5 Ne7 25. a4 Rd8 26. Re2 Bc8 27. Rae1
h6 28. Bf4 Ng6 29. Bxd6 Rxd6 30. Kf2 Bd7 31. Bc2 Ng8 32. h4 h5 33. Bb3 N6e7 34.
Re5 Bf5 35. R1e3 g6 36. Ke1 Kf6 37. Kd2 Be6 $11 38. Re1 Nf5 39. Rg1 Ngh6 40.
Bd1 Nf7 41. Re2 Bd7 42. g4 hxg4 43. fxg4 Nxh4 44. Rf1+ Kg7 45. Re7 Be6 46. Rc7
g5 47. Be2 Ng6 48. Rb1 Nf4 49. Rc6 Nxe2 50. Kxe2 Bxg4+ 51. Ke3 Bd7 52. Rc7 Kf6
53. Rf1+ Ke7 54. c4 $11 dxc4 55. Rxc4 Re6+ 56. Kd2 Nd6 57. Rcc1 Ne4+ 58. Kd3
Kd6 59. Rf7 g4 60. d5 Re8 61. Kd4 Nc5 62. Rf6+ Ke7 63. Rcf1 Nxa4 64. Ke5 Bxb5
65. Rh1 Kd7+ 66. Re6 Nc5 67. Rh7+ Kd8 68. Kd6 Nxe6 69. dxe6 Kc8 70. Rg7 Be2 71.
Rc7+ Kb8 72. e7 g3 73. Rc3 g2 74. Rg3 Bf1 75. Kd7 Bb5+ 76. Kd6 Bf1 77. Kd7 Rh8
78. e8=Q+ Rxe8 79. Kxe8 Kc7 80. Ke7 a4 81. Ke6 a3 82. Kd5 a2 83. Rg7+ Kb8 84.
Rg8+ Kb7 85. Rg7+ Ka6 86. Rg8 Kb5 0-1

[Event "SG Niederkassel 1 - Düsseldorfer SK 2"]
[Site "NRW-Klasse. Gruppe 1 2017/201"]
[Date "2017.12.17"]
[Round "4.7"]
[White "Hoenig, Alexander"]
[Black "Broehl, Stephan"]
[Result "1/2-1/2"]
[WhiteElo "2133"]
[BlackElo "2101"]
[PlyCount "152"]
[EventDate "2017.??.??"]
[WhiteTeam "Düsseldorfer SK 2"]
[BlackTeam "SG Niederkassel 1"]

1. d4 d5 2. Nf3 Nf6 3. Bf4 c5 4. c3 Qb6 5. Qb3 Nc6 6. Nbd2 g6 7. h3 c4 8. Qxb6
axb6 9. a3 b5 10. Rc1 Bg7 11. g4 h5 12. g5 Nd7 13. Bg2 Nb6 14. e4 Be6 15. O-O
O-O 16. Nh4 Rac8 17. Be3 dxe4 18. Nxe4 Bd5 19. f4 e6 20. Nd6 Rc7 21. Nxb5 Rd7
22. Nf3 Bxf3 23. Bxf3 Ne7 24. Bd1 Ra8 25. a4 Ned5 26. Bd2 Nxa4 27. Ra1 Nab6 28.
Rxa8+ Nxa8 29. Be2 Nab6 30. Ra1 Bf8 31. Ra7 Be7 32. Kg2 Kf8 33. Kf3 Bd8 34. Bd1
Nc7 35. Rxb7 Nxb5 36. Rxd7 Nxd7 37. Ba4 Nxd4+ 38. cxd4 Nb6 39. Bb5 f6 40. gxf6
Bxf6 41. Ke4 Kf7 42. Ba5 Bd8 43. Bxb6 Bxb6 44. Bxc4 Kf6 45. b4 Bc7 46. b5 Bb6
47. Ke3 Ba7 48. Bd3 Bb6 49. Be4 Ba7 50. Bc6 Bb6 51. Ke4 Ba7 52. Be8 Bb6 53. Bd7
Ba7 54. Be8 Bb6 55. Bc6 Ba7 56. Ke3 Bb6 57. Be4 Ba7 58. Bc2 Bb6 59. Kd3 Ba7 60.
Kc4 Bb6 61. Kd3 Ba7 62. Kc4 Bb6 63. d5 exd5+ 64. Kxd5 Bc7 65. Ke4 Bb6 66. Bb3
Bc7 67. Bd5 Bb6 68. Bc6 Bc7 69. Be8 Bb6 70. h4 Bc7 71. f5 gxf5+ 72. Kf3 Kg7 73.
Bxh5 Kh6 74. Be8 Bd8 75. h5 Kg5 76. Ke3 Bb6+ 1/2-1/2

[Event "SG Niederkassel 1 - Düsseldorfer SK 2"]
[Site "NRW-Klasse. Gruppe 1 2017/201"]
[Date "2017.12.17"]
[Round "4.8"]
[White "Kneutgen, Alexander"]
[Black "Mueller, Michael"]
[Result "0-1"]
[WhiteElo "1914"]
[BlackElo "2062"]
[PlyCount "112"]
[EventDate "2017.??.??"]
[WhiteTeam "SG Niederkassel 1"]
[BlackTeam "Düsseldorfer SK 2"]

1. e4 e6 2. d4 d5 3. Nd2 dxe4 4. Nxe4 Bd7 5. Nf3 Bc6 6. Bd3 Nd7 7. O-O Be7 8.
c3 Bxe4 9. Bxe4 c6 10. Bc2 Ngf6 11. Qd3 Qc7 12. Bd2 O-O 13. Rad1 Rad8 14. Qe2
Rfe8 15. Ne5 Bd6 16. f4 c5 17. Be3 a6 18. Rf3 g6 19. h4 cxd4 20. Bxd4 Bc5 21.
Kh1 Bxd4 22. Rxd4 Nxe5 23. fxe5 Nd7 24. Rfd3 Nb8 25. Qe4 Rxd4 26. Qxd4 Nc6 27.
Qd6 Re7 28. Qxc7 Rxc7 29. Re3 Rd7 30. Re2 Rd5 31. Kg1 Rxe5 32. Rxe5 Nxe5 33.
Be4 b6 34. b4 Kf8 35. Kf1 Ke7 36. Ke2 Kd6 37. Bb7 a5 38. Be4 Nd7 39. Ke3 f5 40.
Bf3 Ne5 41. Be2 Kd5 42. Ba6 a4 43. Bb7+ Kc4 44. Kd2 h6 45. Bc8 Kd5 46. Bb7+ Kd6
47. Ba6 g5 48. hxg5 hxg5 49. c4 f4 50. Kc3 g4 51. Kd4 Nc6+ 52. Kc3 g3 53. c5+
bxc5 54. bxc5+ Kxc5 55. Bf1 Nb4 56. a3 Nd5+ 0-1

[Event "SC Rochade Emsdetten 1 - Bielefelder SK"]
[Site "NRW-Klasse. Gruppe 1 2017/201"]
[Date "2017.12.17"]
[Round "4.1"]
[White "Forchert, Martin"]
[Black "Kabatianski, Alexander"]
[Result "0-1"]
[WhiteElo "2282"]
[BlackElo "2307"]
[PlyCount "100"]
[EventDate "2017.??.??"]
[WhiteTeam "Bielefelder SK 1"]
[BlackTeam "SC Rochade Emsdetten 1"]

1. e4 e6 2. d4 d5 3. Nd2 c5 4. Ngf3 cxd4 5. exd5 Qxd5 6. Bc4 Qd8 7. O-O Nc6 8.
Nb3 a6 9. Nbxd4 Nxd4 10. Qxd4 Qxd4 11. Nxd4 Nf6 12. Re1 Bd7 13. c3 Rc8 14. Be2
Bc5 15. Nb3 Bb6 16. Bf3 Bc6 17. Be3 Bxe3 18. Rxe3 Bxf3 19. Rxf3 Ke7 20. Rd1
Rhd8 21. Rfd3 Rxd3 22. Rxd3 Nd5 23. Rd4 b5 24. Kf1 Nb6 25. Na5 e5 26. Re4 Ke6
27. f4 f6 28. fxe5 fxe5 29. Ke2 Kf5 30. Rh4 h6 31. Kd3 Nd5 32. g3 Rd8 33. Rh5+
Kf6 34. Ke4 Ne7 35. Nb3 Rd1 36. Nc5 Re1+ 37. Kd3 a5 38. a4 bxa4 39. Rh4 Rb1 40.
Nxa4 Nf5 41. Rc4 Rd1+ 42. Ke2 Rh1 43. Rc6+ Kg5 44. h4+ Kg4 45. Rg6+ Kh5 46. Re6
Nxg3+ 47. Kf3 Kxh4 48. Rxe5 g5 49. c4 g4+ 50. Kg2 Rc1 0-1

[Event "SC Rochade Emsdetten 1 - Bielefelder SK"]
[Site "NRW-Klasse. Gruppe 1 2017/201"]
[Date "2017.12.17"]
[Round "4.2"]
[White "Hiller, Simon"]
[Black "Gruen, Gerd-Peter"]
[Result "1/2-1/2"]
[WhiteElo "2113"]
[BlackElo "2215"]
[Annotator "Daniel"]
[PlyCount "85"]
[EventDate "2017.??.??"]
[WhiteTeam "SC Rochade Emsdetten 1"]
[BlackTeam "Bielefelder SK 1"]

1. Nf3 Nf6 2. c4 e6 3. g3 d5 4. b3 Be7 5. Bg2 O-O 6. O-O c5 7. Bb2 Nc6 8. e3 b6
9. Nc3 Bb7 10. Qe2 d4 11. exd4 Nxd4 12. Nxd4 Bxg2 13. Kxg2 cxd4 14. Ne4 Re8 15.
f4 Nxe4 16. Qxe4 Bf6 17. Rae1 g6 18. Rf2 h5 19. d3 Qd7 20. Qf3 Rac8 21. Rc2 Rc7
22. Re4 b5 23. Qf2 Rd8 24. c5 Qd5 25. b4 a5 26. Ba3 Bg7 27. Kg1 $11 a4 28. Re1
Re8 29. Rce2 Rce7 30. Qg2 Qxg2+ 31. Kxg2 e5 32. Bb2 Kf8 33. Kf3 f5 34. fxe5
Rxe5 35. Rxe5 Rxe5 36. Rxe5 Bxe5 37. h4 Ke7 38. Bc1 Ke6 39. a3 Kd5 40. Bd2 Bf6
41. Bf4 Be7 42. Bd2 Bf6 43. Bf4 1/2-1/2

[Event "SC Rochade Emsdetten 1 - Bielefelder SK"]
[Site "NRW-Klasse. Gruppe 1 2017/201"]
[Date "2017.12.17"]
[Round "4.3"]
[White "Kruse, Herbert"]
[Black "Lehmann, Holger"]
[Result "1-0"]
[WhiteElo "2175"]
[BlackElo "2168"]
[PlyCount "87"]
[EventDate "2017.??.??"]
[WhiteTeam "Bielefelder SK 1"]
[BlackTeam "SC Rochade Emsdetten 1"]

1. e4 c5 2. Nc3 a6 3. Nge2 d6 4. d4 cxd4 5. Nxd4 Nf6 6. Bg5 e6 7. Qf3 Be7 8.
O-O-O Qc7 9. Qg3 Bd7 10. f4 h6 11. Bh4 g6 12. Be2 Nc6 13. Rhe1 Nxd4 14. Rxd4 b5
15. e5 dxe5 16. fxe5 Ng8 17. Ne4 g5 18. Nd6+ Bxd6 19. Rxd6 Ne7 20. Bh5 Nf5 21.
Qb3 gxh4 22. Rxe6+ Bxe6 23. Qxe6+ Kf8 24. Qxf5 Qe7 25. Rf1 Ra7 26. Bxf7 Qg5+
27. Qxg5 hxg5 28. Bd5+ Kg7 29. Rf5 Rf8 30. Rxg5+ Kh6 31. Rg4 Rf1+ 32. Kd2 Rd7
33. Rxh4+ Kg5 34. Rd4 Rf2+ 35. Kd3 Rf4 36. h4+ Rxh4 37. Rxh4 Kxh4 38. Ke4 Kg5
39. e6 Rc7 40. Ke5 Ra7 41. b4 a5 42. bxa5 Kg6 43. a6 Kg7 44. Bb7 1-0

[Event "SC Rochade Emsdetten 1 - Bielefelder SK"]
[Site "NRW-Klasse. Gruppe 1 2017/201"]
[Date "2017.12.17"]
[Round "4.4"]
[White "Mueller, Achim"]
[Black "Goeßling, Guido"]
[Result "1-0"]
[WhiteElo "2002"]
[BlackElo "2127"]
[PlyCount "71"]
[EventDate "2017.??.??"]
[WhiteTeam "SC Rochade Emsdetten 1"]
[BlackTeam "Bielefelder SK 1"]

1. e4 e5 2. Bc4 Nf6 3. d3 Nc6 4. Nf3 Bc5 5. c3 d6 6. h3 a6 7. Bb3 Ba7 8. Nbd2
O-O 9. Nf1 Nh5 10. Bg5 Qe8 11. Qd2 Kh8 12. g4 Nf4 13. Bxf4 exf4 14. O-O-O Na5
15. Bc2 Be6 16. b3 d5 17. Qxf4 dxe4 18. Qxe4 f5 19. Qe5 Nc6 20. Qg3 f4 21. Qh4
Bd5 22. d4 h6 23. N1d2 Bxf3 24. Nxf3 Qe2 25. Rd3 Rae8 26. g5 Qe7 27. gxh6 Qxh4
28. hxg7+ Kxg7 29. Nxh4 Re2 30. Rf3 Ne7 31. Rg1+ Kh6 32. Rg4 Nd5 33. Nf5+ Kh5
34. Ng7+ Kh6 35. h4 Ne7 36. Kd1 1-0

[Event "SC Rochade Emsdetten 1 - Bielefelder SK"]
[Site "NRW-Klasse. Gruppe 1 2017/201"]
[Date "2017.12.17"]
[Round "4.6"]
[White "Noering, Andreas"]
[Black "Roemhild, Marcus"]
[Result "1/2-1/2"]
[WhiteElo "1847"]
[BlackElo "2012"]
[Annotator "Daniel"]
[PlyCount "149"]
[EventDate "2017.??.??"]
[WhiteTeam "SC Rochade Emsdetten 1"]
[BlackTeam "Bielefelder SK 1"]

1. e4 c5 2. Nf3 g6 3. d4 cxd4 4. Nxd4 Nc6 5. c4 Nf6 6. Nc3 d6 7. Be2 Nxd4 8.
Qxd4 Bg7 9. Be3 O-O 10. Qd1 Bd7 11. O-O Bc6 12. f3 a5 13. Rc1 Nd7 14. Qd2 Nc5
15. Bd4 Bxd4+ 16. Qxd4 Rc8 17. Rfd1 Qb6 18. Rd2 Nd7 19. Qxb6 Nxb6 20. Rdc2 Nd7
21. b3 $11 Rfd8 22. Kf2 Kf8 23. Nd1 Nc5 24. Ne3 e6 25. Rd1 Ke7 26. Rcd2 Rd7 27.
Nc2 Ra8 28. Ke3 e5 29. g3 f5 30. exf5 gxf5 31. Bf1 Rf8 32. b4 axb4 33. Nxb4 f4+
34. gxf4 Rxf4 35. Nd5+ Bxd5 36. Rxd5 Rh4 37. h3 Rd8 38. R5d2 Ne6 39. Rb1 Rd7
40. Rdb2 Nc5 41. Rg2 Kf7 42. Rg4 Rxg4 43. fxg4 Kf6 44. h4 h6 45. Bg2 Rg7 46.
Bf3 e4 47. Be2 Ke6 48. Rf1 b6 49. Rf5 Ra7 50. Rh5 Ra3+ 51. Kf2 Rxa2 52. Rxh6+
Ke7 53. Ke3 Ra3+ 54. Kf2 Rh3 55. Kg2 Ra3 56. g5 Ra2 57. Kf1 Ne6 58. Rh7+ Kf8
59. g6 Nd4 60. Rf7+ Kg8 61. Bg4 e3 62. Re7 Rf2+ 63. Kg1 Rf4 64. Be6+ Nxe6 65.
Rxe6 Rxh4 66. Rxe3 Rxc4 67. Re6 Rd4 68. Re7 Rg4+ 69. Kf2 Rxg6 70. Rb7 Re6 71.
Rxb6 Kf7 72. Rb3 Ke7 73. Re3 Kd7 74. Rxe6 Kxe6 75. Ke2 1/2-1/2

[Event "SC Rochade Emsdetten 1 - Bielefelder SK"]
[Site "NRW-Klasse. Gruppe 1 2017/201"]
[Date "2017.12.17"]
[Round "4.7"]
[White "Danielmeier, Ralf"]
[Black "Lehmann, Mona"]
[Result "1-0"]
[WhiteElo "1973"]
[BlackElo "1909"]
[PlyCount "55"]
[EventDate "2017.??.??"]
[WhiteTeam "Bielefelder SK 1"]
[BlackTeam "SC Rochade Emsdetten 1"]

1. e4 c5 2. Nc3 g6 3. g3 Bg7 4. Bg2 Nc6 5. d3 e6 6. Be3 Qa5 7. Qd2 Nd4 8. Nge2
Ne7 9. Nc1 Nec6 10. O-O d6 11. f4 h5 12. Qf2 Qd8 13. Nd1 Bd7 14. c3 Nb5 15. Ne2
b6 16. a4 Nc7 17. d4 cxd4 18. Nxd4 Rc8 19. Nxc6 Bxc6 20. f5 Qd7 21. f6 Bf8 22.
a5 bxa5 23. c4 Na6 24. Rxa5 Nc5 25. Nc3 Rc7 26. Rd1 Nb3 27. Ra3 Rb7 28. Qc2 1-0

[Event "SC Rochade Emsdetten 1 - Bielefelder SK"]
[Site "NRW-Klasse. Gruppe 1 2017/201"]
[Date "2017.12.17"]
[Round "4.8"]
[White "Teschler, Ansgar"]
[Black "Sudbrock, Ralf"]
[Result "0-1"]
[WhiteElo "1739"]
[BlackElo "2053"]
[PlyCount "44"]
[EventDate "2017.??.??"]
[WhiteTeam "SC Rochade Emsdetten 1"]
[BlackTeam "Bielefelder SK 1"]

1. d4 g6 2. c4 Bg7 3. e4 d6 4. Nc3 e5 5. Nge2 Nc6 6. Be3 f5 7. f3 Nf6 8. d5 Ne7
9. Qd2 O-O 10. O-O-O a6 11. Kb1 b5 12. Qc2 b4 13. Na4 fxe4 14. fxe4 Nxe4 15.
Ka1 Nf2 16. Bxf2 Rxf2 17. h3 Nf5 18. Rd2 Bh6 19. Rd3 e4 20. Rb3 Qe8 21. Rxb4
Ng3 22. Rg1 Nxf1 0-1

[Event "Brühler SK 1 - SV Sundern 1"]
[Site "NRW-Klasse. Gruppe 1 2017/201"]
[Date "2017.12.17"]
[Round "4.1"]
[White "Ionescu, Doru Alexandru"]
[Black "Loifenfeld, Jakov"]
[Result "1-0"]
[WhiteElo "2325"]
[BlackElo "2413"]
[PlyCount "67"]
[EventDate "2017.??.??"]
[WhiteTeam "SV Sundern 1"]
[BlackTeam "Brühler SK 1"]

1. d4 c5 2. d5 d6 3. e4 Nf6 4. Nc3 a6 5. a4 e6 6. dxe6 Bxe6 7. f4 Be7 8. Nf3
O-O 9. Be2 Re8 10. O-O Nc6 11. Kh1 Rb8 12. Ng5 Nd4 13. Nxe6 fxe6 14. e5 Nd7 15.
exd6 Bxd6 16. Ne4 Bf8 17. Bc4 b5 18. axb5 axb5 19. Ba2 Nf6 20. Nxf6+ Qxf6 21.
c3 Nf5 22. Qf3 c4 23. Bb1 Bc5 24. Ra6 Rbd8 25. g4 Nh4 26. Qc6 Qe7 27. Qxb5 h5
28. Qxc4 hxg4 29. f5 Rd6 30. Rxd6 Qxd6 31. fxe6 Rxe6 32. Re1 Qc6+ 33. Re4 Kf7
34. Ba2 1-0

[Event "Brühler SK 1 - SV Sundern 1"]
[Site "NRW-Klasse. Gruppe 1 2017/201"]
[Date "2017.12.17"]
[Round "4.2"]
[White "Keller, Thomas"]
[Black "Stolte, Alexander"]
[Result "1-0"]
[WhiteElo "2233"]
[BlackElo "2173"]
[PlyCount "89"]
[EventDate "2017.??.??"]
[WhiteTeam "Brühler SK 1"]
[BlackTeam "SV Sundern 1"]

1. e4 g6 2. d4 Bg7 3. Nf3 d6 4. Nc3 a6 5. a4 e6 6. Bd3 Ne7 7. Be3 d5 8. Qd2 h6
9. O-O Nbc6 10. Rfe1 Kf8 11. Rad1 b6 12. Bf4 Bb7 13. exd5 exd5 14. Be5 Bc8 15.
Qf4 g5 16. Qg3 Ra7 17. Bxg7+ Kxg7 18. h4 Ng6 19. Bxg6 Kxg6 20. Ne5+ Nxe5 21.
dxe5 Be6 22. Nxd5 Qe8 23. Nf4+ Kg7 24. hxg5 h5 25. b3 Ra8 26. Rd3 h4 27. Qf3
Bf5 28. Rde3 Qe7 29. e6 Qxg5 30. Nh3 Qg4 31. e7 Qxf3 32. Rxf3 Bxc2 33. Nf4 Rac8
34. Nd5 f5 35. Nxc7 Rxc7 36. e8=Q Rxe8 37. Rxe8 Be4 38. Rh3 Rc1+ 39. Kh2 Rc2
40. f3 Bd5 41. Re3 Rb2 42. Rxh4 Rxb3 43. Rxb3 Bxb3 44. Rb4 Bd1 45. Rxb6 1-0

[Event "Brühler SK 1 - SV Sundern 1"]
[Site "NRW-Klasse. Gruppe 1 2017/201"]
[Date "2017.12.17"]
[Round "4.3"]
[White "Tillmann, Markus"]
[Black "Schaefer, Juergen"]
[Result "0-1"]
[WhiteElo "2064"]
[BlackElo "2164"]
[PlyCount "54"]
[EventDate "2017.??.??"]
[WhiteTeam "SV Sundern 1"]
[BlackTeam "Brühler SK 1"]

1. Nf3 g6 2. e4 Bg7 3. Bc4 c6 4. O-O d5 5. Bb3 Nf6 6. e5 Ng4 7. d4 h5 8. Nc3
Nh6 9. Ne2 Bg4 10. Nf4 e6 11. Qd3 Bf5 12. Qe2 Nd7 13. Bd2 Bg4 14. c3 Nf5 15.
Qd3 a6 16. Bd1 Bxf3 17. Bxf3 Qe7 18. b4 Nb6 19. Be2 Nc4 20. Bc1 a5 21. Nh3 axb4
22. Bg5 Qc7 23. cxb4 Qb6 24. Be3 Ra3 25. Qb1 Ncxe3 26. fxe3 Rxe3 27. Bd3 Qxd4
0-1

[Event "Brühler SK 1 - SV Sundern 1"]
[Site "NRW-Klasse. Gruppe 1 2017/201"]
[Date "2017.12.17"]
[Round "4.4"]
[White "Peters, Alex"]
[Black "Plass, Mariana-Camelia"]
[Result "1/2-1/2"]
[WhiteElo "2178"]
[BlackElo "2020"]
[PlyCount "38"]
[EventDate "2017.??.??"]
[WhiteTeam "Brühler SK 1"]
[BlackTeam "SV Sundern 1"]

1. b3 Nf6 2. Bb2 d5 3. e3 Bf5 4. f4 e6 5. Nf3 Bd6 6. Be2 Qe7 7. O-O O-O 8. Ne5
Nfd7 9. d3 f6 10. Nxd7 Nxd7 11. Bf3 c6 12. Nd2 Bg6 13. Qe2 Ba3 14. Bxa3 Qxa3
15. Bg4 f5 16. Bh3 e5 17. Nf3 exf4 18. exf4 Rae8 19. Qf2 Bh5 1/2-1/2

[Event "Brühler SK 1 - SV Sundern 1"]
[Site "NRW-Klasse. Gruppe 1 2017/201"]
[Date "2017.12.17"]
[Round "4.5"]
[White "Plass, Heinz"]
[Black "Gramb, Marius"]
[Result "0-1"]
[WhiteElo "2026"]
[BlackElo "2072"]
[Annotator "Daniel"]
[PlyCount "144"]
[EventDate "2017.??.??"]
[WhiteTeam "SV Sundern 1"]
[BlackTeam "Brühler SK 1"]

1. d4 Nf6 2. c4 e6 3. g3 c5 4. d5 exd5 5. cxd5 d6 6. Nc3 g6 7. Bg2 Bg7 8. Nf3
O-O 9. O-O Re8 10. Nd2 a6 11. a4 Nbd7 12. Nc4 Ne5 13. Nxe5 Rxe5 14. Bf4 Re8 15.
e4 Nh5 16. Bd2 Rb8 17. a5 b5 18. axb6 Qxb6 19. Qa4 Kf8 20. Nd1 Qb5 21. Bc3 Nf6
22. Re1 Nd7 23. Bxg7+ Kxg7 24. Bf1 $11 Qxa4 25. Rxa4 Nb6 26. Ra3 Nxd5 27. Bxa6
Nb4 28. Bd3 d5 29. Bb1 Bb7 30. f3 d4 31. Nf2 c4 32. Rc1 Rec8 33. Kf1 Ba6 34.
Ke1 Bb5 35. Nd1 Re8 36. Kd2 g5 37. Nf2 Rec8 38. g4 Nc6 39. Nd1 Ne5 40. Ke1 Ra8
41. Rxa8 Rxa8 42. Bc2 Nxf3+ 43. Kf2 Ne5 44. h3 Ra6 45. Kg2 Ng6 46. Nf2 Nf4+ 47.
Kf3 Ra2 48. Rb1 Ng6 49. e5 Bc6+ 50. Ke2 Nxe5 51. Kd2 Nf3+ 52. Kc1 Ne1 53. Bf5
Ng2 54. Be4 Bxe4 55. Nxe4 Kg6 56. Nd2 Ra4 57. b3 cxb3 58. Rxb3 Nf4 59. Rb6+ Kg7
60. Rb3 Ra1+ 61. Kc2 Rh1 62. Ne4 Rh2+ 63. Kd1 h6 64. Nd6 Rxh3 65. Rb6 Nd5 66.
Nf5+ Kh7 67. Rd6 Ne3+ 68. Ke2 Nxf5 69. gxf5 Re3+ 70. Kd2 Re5 71. Rxd4 Rxf5 72.
Ke2 Kg6 0-1

[Event "Brühler SK 1 - SV Sundern 1"]
[Site "NRW-Klasse. Gruppe 1 2017/201"]
[Date "2017.12.17"]
[Round "4.6"]
[White "Haskelman, Evgen"]
[Black "Schulte, Josef"]
[Result "0-1"]
[WhiteElo "2107"]
[BlackElo "1955"]
[PlyCount "112"]
[EventDate "2017.??.??"]
[WhiteTeam "Brühler SK 1"]
[BlackTeam "SV Sundern 1"]

1. e4 c5 2. Nc3 e6 3. Nge2 d5 4. exd5 exd5 5. d4 Nf6 6. h3 Be7 7. g3 Nc6 8. Bg2
O-O 9. O-O Bf5 10. Be3 cxd4 11. Nxd4 Bg6 12. Nde2 Qd7 13. Nxd5 Nxd5 14. Qxd5
Qxd5 15. Bxd5 Bxc2 16. Rfc1 Bf5 17. g4 Bd7 18. Nd4 Rac8 19. Nxc6 bxc6 20. Bg2
Bf6 21. Rc2 Be6 22. g5 Be5 23. f4 Bb8 24. h4 Bd5 25. b3 Rfe8 26. Kf2 Bxg2 27.
Kxg2 Rxe3 28. Rd1 g6 29. Rd7 Re6 30. Rcd2 Rce8 31. Kf3 Re3+ 32. Kf2 Bxf4 33.
Rxa7 R3e7 34. Rxe7 Rxe7 35. Rd8+ Kg7 36. a4 Rb7 37. Rd3 h6 38. gxh6+ Kxh6 39.
Kf3 Be5 40. Ke4 f6 41. Rd8 Rb4+ 42. Kd3 Rxb3+ 43. Kc4 Rh3 44. Kc5 Rxh4 45. a5
Ra4 46. Ra8 Bd4+ 47. Kxc6 f5 48. Kb5 Ra1 49. Rf8 Be3 50. a6 f4 51. Rf7 g5 52.
Rf6+ Kg7 53. Rf5 Kg6 54. Rf8 g4 55. Rg8+ Kf5 56. Rf8+ Ke4 0-1

[Event "Brühler SK 1 - SV Sundern 1"]
[Site "NRW-Klasse. Gruppe 1 2017/201"]
[Date "2017.12.17"]
[Round "4.8"]
[White "Engel, Johann"]
[Black "Schober, Ralf"]
[Result "1-0"]
[WhiteElo "2003"]
[BlackElo "2017"]
[PlyCount "43"]
[EventDate "2017.??.??"]
[WhiteTeam "Brühler SK 1"]
[BlackTeam "SV Sundern 1"]

1. d4 d6 2. Nf3 Nf6 3. Nc3 Bg4 4. e4 e6 5. Be2 Be7 6. h3 Bxf3 7. Bxf3 d5 8.
exd5 exd5 9. O-O O-O 10. Re1 c6 11. Bg5 Nbd7 12. Ne2 Bd6 13. Ng3 h6 14. Nf5
hxg5 15. Nxd6 Qc7 16. Nf5 g6 17. Nh6+ Kg7 18. Ng4 Nxg4 19. Bxg4 f5 20. Re7+ Kf6
21. Qe2 Qd6 22. Re1 1-0

[Event "SV Sundern 1 - SF Brackel 1"]
[Site "NRW-Klasse. Gruppe 1 2017/201"]
[Date "2018.01.28"]
[Round "5.1"]
[White "Luft, Dennis"]
[Black "Stolte, Alexander"]
[Result "1-0"]
[WhiteElo "2254"]
[BlackElo "2173"]
[Annotator "Daniel"]
[PlyCount "63"]
[EventDate "2018.??.??"]
[WhiteTeam "SF Brackel 1"]
[BlackTeam "SV Sundern 1"]

1. e4 e6 2. Qe2 Nc6 3. Nf3 e5 4. g3 g6 5. Bg2 Bg7 6. O-O d6 7. c3 Nge7 8. Na3
O-O 9. Nc2 d5 10. exd5 Nxd5 11. Ne3 Nxe3 $11 12. dxe3 Be6 13. e4 h6 14. Rd1 Qc8
15. Be3 b6 16. Nd2 Nd4 17. cxd4 exd4 18. e5 dxe3 19. Qxe3 Bg4 20. f3 Bh3 21.
Bh1 Qe6 22. f4 Rad8 23. Nb3 c5 24. Rd2 g5 25. Rad1 gxf4 26. gxf4 Qg4+ 27. Kf2
Qxd1 28. Rxd1 Rxd1 29. Be4 Be6 30. f5 Bxb3 31. f6 Rfd8 32. Qg3 1-0

[Event "SV Sundern 1 - SF Brackel 1"]
[Site "NRW-Klasse. Gruppe 1 2017/201"]
[Date "2018.01.28"]
[Round "5.2"]
[White "Tillmann, Markus"]
[Black "Kartsev, Soel"]
[Result "1/2-1/2"]
[WhiteElo "2064"]
[BlackElo "2169"]
[PlyCount "149"]
[EventDate "2018.??.??"]
[WhiteTeam "SV Sundern 1"]
[BlackTeam "SF Brackel 1"]

1. d4 Nf6 2. c4 e6 3. Nc3 Bb4 4. Qc2 d5 5. cxd5 exd5 6. Bg5 O-O 7. e3 Nbd7 8.
Bd3 h6 9. Bh4 c5 10. Nge2 c4 11. Bf5 Re8 12. O-O Nb6 13. Rad1 Bd7 14. Bxf6 Bxf5
15. Qxf5 Qxf6 16. Qxf6 gxf6 17. Nf4 Rad8 18. Nce2 Na4 19. Rb1 a5 20. a3 Bd6 21.
b3 Bxf4 22. bxa4 Bd6 23. Ra1 b6 24. Rfb1 Bc7 25. Rb5 Rd7 26. Nc3 Red8 27. g3
Kg7 28. Ra2 f5 29. Kg2 Kf6 30. Kf3 Ke6 31. Rb1 Rg8 32. Rab2 Rc8 33. Rb5 Rdd8
34. Ne2 Rd7 35. Nf4+ Bxf4 36. Kxf4 Rc6 37. Rxb6 Rxb6 38. Rxb6+ Rd6 39. Rb2 Rc6
40. Kf3 Kd6 41. Ke2 Ra6 42. Kd2 Kc6 43. Rb5 Rb6 44. Rxa5 Rb2+ 45. Ke1 Ra2 46.
h4 Rxa3 47. Rc5+ Kd6 48. a5 Ra2 49. Kf1 h5 50. Kg2 f6 51. Kf3 Ke6 52. Rb5 Kd6
53. Kg2 Ra4 54. Rc5 Ra1 55. f3 Ra2+ 56. Kf1 Ra3 57. Ke2 Ra2+ 58. Ke1 Ra3 59.
Kd2 Rd3+ 60. Ke2 Ra3 61. e4 fxe4 62. fxe4 dxe4 63. Rxh5 Rxg3 64. Rc5 c3 65. a6
c2 66. h5 Ra3 67. Rxc2 Rxa6 68. Ke3 f5 69. Rc5 Ra3+ 70. Kf4 Rf3+ 71. Kg5 f4 72.
Re5 e3 73. h6 Rh3 74. Kxf4 Rxh6 75. Kxe3 1/2-1/2

[Event "SV Sundern 1 - SF Brackel 1"]
[Site "NRW-Klasse. Gruppe 1 2017/201"]
[Date "2018.01.28"]
[Round "5.3"]
[White "Steinmetzer, Thomas"]
[Black "Plass, Heinz"]
[Result "1-0"]
[WhiteElo "2198"]
[BlackElo "2026"]
[Annotator "Daniel"]
[PlyCount "87"]
[EventDate "2018.??.??"]
[WhiteTeam "SF Brackel 1"]
[BlackTeam "SV Sundern 1"]

1. e4 c6 2. Nc3 d5 3. Nf3 Bg4 4. h3 Bxf3 5. Qxf3 Nf6 6. exd5 cxd5 7. Bb5+ Nc6
8. O-O e6 9. d4 Rc8 10. Ne2 a6 11. Ba4 b5 12. Bb3 Na5 13. c3 Nxb3 14. axb3 a5
15. Qd3 Qb6 16. Bf4 Be7 17. g4 O-O 18. Ng3 Rfd8 19. g5 Ne8 20. Be3 Rd7 21. f4
g6 22. h4 Nd6 23. Bd2 Ra7 24. h5 a4 25. b4 Nc4 26. Bc1 Bd6 27. Kg2 Qc7 28. Rf3
Rf8 29. Nf1 f5 30. Qe2 Qd7 31. Ne3 Rc7 32. Nxc4 Rxc4 33. Bd2 Rcc8 $11 34. Rh3
Kg7 35. Kf3 Rce8 36. Qh2 Rh8 37. Rh1 Re7 38. hxg6 Kg8 39. Rh6 Rg7 40. Qh5 Bf8
41. gxh7+ Rgxh7 42. Qg6+ Qg7 43. Qxe6+ Qf7 44. Qxf7+ 1-0

[Event "SV Sundern 1 - SF Brackel 1"]
[Site "NRW-Klasse. Gruppe 1 2017/201"]
[Date "2018.01.28"]
[Round "5.4"]
[White "Schulte, Josef"]
[Black "Goldschmidt, Christian"]
[Result "1-0"]
[WhiteElo "1955"]
[BlackElo "2134"]
[PlyCount "57"]
[EventDate "2018.??.??"]
[WhiteTeam "SV Sundern 1"]
[BlackTeam "SF Brackel 1"]

1. d4 d5 2. c4 e6 3. Nc3 c5 4. cxd5 cxd4 5. Qxd4 Nc6 6. Qd1 exd5 7. Qxd5 Bd7 8.
a3 Nf6 9. Qd1 Bc5 10. Nf3 Qe7 11. e3 O-O-O 12. Qc2 g5 13. Bd3 g4 14. Nd2 Bxe3
15. fxe3 Nd4 16. Qb1 Qxe3+ 17. Ne2 g3 18. Ne4 Nf3+ 19. gxf3 Qxf3 20. Rf1 gxh2
21. N2g3 Qg2 22. Qc2+ Qxc2 23. Bxc2 Nxe4 24. Bxe4 Rde8 25. Kf2 h5 26. Bf3 f5
27. Bf4 h4 28. Rac1+ Bc6 29. Ne2 1-0

[Event "SV Sundern 1 - SF Brackel 1"]
[Site "NRW-Klasse. Gruppe 1 2017/201"]
[Date "2018.01.28"]
[Round "5.5"]
[White "Boehm, Juergen"]
[Black "Kevekordes, Peter"]
[Result "1-0"]
[WhiteElo "2172"]
[BlackElo "1863"]
[PlyCount "43"]
[EventDate "2018.??.??"]
[WhiteTeam "SF Brackel 1"]
[BlackTeam "SV Sundern 1"]

1. d4 d5 2. c4 c6 3. Nf3 dxc4 4. e3 b5 5. a4 e6 6. Nc3 b4 7. Ne4 Nf6 8. Nxf6+
Qxf6 9. Bxc4 a5 10. O-O Nd7 11. e4 Nb6 12. Bg5 Qg6 13. Bd3 Ba6 14. Qc2 Bb7 15.
d5 Rc8 16. dxe6 Qxe6 17. e5 g6 18. Bf6 Rg8 19. Ng5 Qd5 20. Rad1 b3 21. Qe2 c5
22. Bb5+ 1-0